LEADER 00849nam0-22003011i-450- 001 990003095000403321 035 $a000309500 035 $aFED01000309500 035 $a(Aleph)000309500FED01 035 $a000309500 100 $a20000920d1971----km-y0itay50------ba 101 0 $aita 102 $aIT 200 1 $a<>Impact of Taxes on the American Economy$fLester C. Thurow. 210 $aNew York$cFrederick A. Praeger$d\c\\1971. 215 $aXIV, 171 p.$d21 cm 610 0 $aStati Uniti$aPolitica fiscale 676 $aF/1.221 676 $aN/2.311 702 1$aThurow,$bLester C.$f<1938- > 801 0$aIT$bUNINA$gRICA$2UNIMARC 901 $aBK 912 $a990003095000403321 952 $aN/2.311 THU$b5562/I$fSES 959 $aSES 996 $aImpact of Taxes on the American Economy$9459771 997 $aUNINA DB $aING01